000 01531nam2a22002531 4500
001 RU\NLR\INFOCOMM55\1000068099
005 20250617131011.0
035 _a(NLR Aleph) 002620155
090 _a3608909
_c3608909
100 _a20040728d1980 |||y0rusy50 ca
101 0 _arus
102 _aRU
105 _ay |||||||||
200 1 _aПрименение ЭВМ для решения планово-экономических задач на парфюмерно-косметических предприятиях
_fА.Н. Жулина и др.
210 _d1980
_aБ. м.
461 0 _1001RU\NLR\INFOCOMM55\1000068080
_12001#$aПищевая промышленность$eОбзор. информ.$hСерия8$iПарфюмерно-косметическая и эфирно-масличная промышленность$fЦНИИ информ. и техн.-экон. исслед. пищ. пром-сти. (ЦНИИТЭИпищепром)$v1980, Вып.7
_93608744
_cМ.
_d1979-
_fЦНИИ информ. и техн.-экон. исслед. пищ. пром-сти. (ЦНИИТЭИпищепром)
_hСерия8
_iПарфюмерно-косметическая и эфирно-масличная промышленность
_oОбзор. информ.
_tПищевая промышленность
_x0201-9159
_v1980, Вып.7
700 1 _aЖулина
_bА.Н.
_4070
801 1 _aRU
_bInfoComm
_c20040728
801 0 _aRU
_bNLR
_gPSBO
852 _aNLR
_jП10/5615
942 _cISSUE
980 _aNB
980 _aRUSPER